书目信息 |
| 题名: |
悦读之旅
|
|
| 作者: | 叶帮义 著 | |
| 分册: | ||
| 出版信息: | 芜湖 安徽师范大学出版社 2015 |
|
| 页数: | 330页 | |
| 开本: | 24cm | |
| 丛书名: | ||
| 单 册: | ||
| 中图分类: | G792-49 , G792 | |
| 科图分类: | ||
| 主题词: | 阅读--青少年读物 | |
| 电子资源: | ||
| ISBN: | 978-7-5676-2248-7 | |
| 000 | 01020nam0 2200229 450 | |
| 001 | 2350742799 | |
| 005 | 20231128224039.43 | |
| 010 | @a978-7-5676-2248-7@dCNY45.00 | |
| 100 | @a20160411d2015 em y0chiy50 ea | |
| 101 | 0 | @achi |
| 102 | @aCN@b340000 | |
| 105 | @ay z 000yy | |
| 200 | 1 | @a悦读之旅@Ayue du zhi lv@b专著@f叶帮义著 |
| 210 | @a芜湖@c安徽师范大学出版社@d2015 | |
| 215 | @a330页@d24cm | |
| 330 | @a本书是阅读指导类著作,面对幼儿及其家长、中小学生及其家长、幼儿园和中小学教师,以及大学生、研究生,讲述阅读的重要性、阅读的方法,并开列阅读书目,勾勒出一个人从幼儿到大学阶段的阅读过程,具体内容包括:阅读的意义与阅读的方法;家长的阅读;教师的阅读;幼儿的绘本阅读;儿童文学作品的阅读;神话的阅读;寓言的阅读;动物小说的阅读;科幻小说的阅读;科普读物的阅读;人物传记的阅读;历史读物的阅读;小说的读法;古典诗词的读法;古典散文的读法;传统文化经典阅读等。 | |
| 606 | 0 | @a阅读@j青少年读物 |
| 690 | @aG792-49@v5 | |
| 690 | @aG792@v4 | |
| 701 | 0 | @a叶帮义@Aye bang yi@4著 |
| 801 | 0 | @aCN@b91MARC@c20160516 |
| 905 | @aZUCC@dG792@e53 | |
| 悦读之旅/叶帮义著.-芜湖:安徽师范大学出版社,2015 |
| 330页;24cm |
| ISBN 978-7-5676-2248-7:CNY45.00 |
| 本书是阅读指导类著作,面对幼儿及其家长、中小学生及其家长、幼儿园和中小学教师,以及大学生、研究生,讲述阅读的重要性、阅读的方法,并开列阅读书目,勾勒出一个人从幼儿到大学阶段的阅读过程,具体内容包括:阅读的意义与阅读的方法;家长的阅读;教师的阅读;幼儿的绘本阅读;儿童文学作品的阅读;神话的阅读;寓言的阅读;动物小说的阅读;科幻小说的阅读;科普读物的阅读;人物传记的阅读;历史读物的阅读;小说的读法;古典诗词的读法;古典散文的读法;传统文化经典阅读等。 |
| ● |
| 相关链接 |
|
|
|
正题名:悦读之旅
索取号:G792/53
 
预约/预借
| 序号 | 登录号 | 条形码 | 馆藏地/架位号 | 状态 | 备注 |
| 1 | 2000995415 | 2000995415 | 315书库/四8架B面2层1列/ [索取号:G792/53] | 在馆 | |
| 2 | 2000995416 | 2000995416 | 315书库/四8架B面2层1列/ [索取号:G792/53] | 在馆 | |
| 3 | 2000995417 | 2000995417 | 315书库/四8架B面2层1列/ [索取号:G792/53] | 在馆 | |
| 4 | 2000995418 | 2000995418 | 315书库/四8架B面2层1列/ [索取号:G792/53] | 在馆 | |
| 5 | 2000995419 | 2000995419 | 315书库/四8架B面2层1列/ [索取号:G792/53] | 在馆 | |
| 6 | 2000995420 | 2000995420 | 315书库/四8架B面2层1列/ [索取号:G792/53] | 在馆 |